000 00423nam a2200181Ia 4500
001 17402
005 20260306171515.0
008 260306s9999||||xx |||||||||||||| ||und||
041 _aESP
082 _a657.837
_bL95
100 _aLuckie García, Miguel
_eAUT
245 0 _aContabilidad Hotelera
260 _c2000
300 _a130 páginas :
_c24 cm.
650 _aGEN
654 _aCCO
942 _cLIB
_dJUS
_fJUS
_2ddc
_n
999 _c17402
_d17402